| 000 | 00673nam a22002057a 4500 | ||
|---|---|---|---|
| 999 |
_c3758 _d3758 |
||
| 003 | AR-CdUCM | ||
| 008 | 190307b ||||| |||| 00| 0 spa d | ||
| 040 |
_aMUNICIPALIDAD PROVINCIAL DEL CUSCO _cBIBLIOTECA MUNICIPAL DEL CUSCO |
||
| 082 |
_a818.46 / _bT98 |
||
| 100 |
_aTwain, Mark _9733 |
||
| 245 | _aEl hombre que corrompió a Hadleyburg / | ||
| 260 |
_aLima : _bPopulibros peruanos, |
||
| 300 |
_a111 paginas ; _c17 cm. |
||
| 505 | _aContenido :El hombre que corrompió a Hadleyburg --Canibalismo en el tren. | ||
| 650 |
_aLiteratura estadounidense _911000 |
||
| 650 |
_aNovelas estadounidenses _9734 |
||
| 650 |
_aSiglo XX _98 |
||
| 942 |
_2ddc _cLIBROS |
||
| 945 | _arum | ||